Teatro escogido
保存先:
| 第一著者: | |
|---|---|
| フォーマット: | 図書 |
| 言語: | スペイン語 |
| 出版事項: |
Santiago
Zig Zag
1947
|
| シリーズ: | Biblioteca de Escritores Chilenos
|
| 主題: | |
| タグ: |
タグ追加
タグなし, このレコードへの初めてのタグを付けませんか!
|
MARC
| LEADER | 00000nam a2200000 a 4500 | ||
|---|---|---|---|
| 001 | UCQ6664 | ||
| 003 | CL-VaPUC | ||
| 008 | 981016e19470000CL |||||||||||||||||spa|d | ||
| 082 | 0 | 4 | |a Ch862 |b BAR |2 21 |
| 100 | 0 | |a Barrios, Eduardo |e author |9 320692 | |
| 245 | 1 | 0 | |a Teatro escogido |
| 246 | 1 | 0 | |a Vivir |
| 246 | 1 | 3 | |a Lo que niega la vida |
| 246 | 1 | 0 | |a Por el decoro |
| 300 | |a 233 p | ||
| 942 | |c BK | ||
| 945 | |d 19981016 00:00:00 |a lriquelm | ||
| 260 | |a Santiago |b Zig Zag |c 1947 | ||
| 650 | 0 | |a Literatura chilena |9 308278 | |
| 650 | 7 | |a TEATROS CHILENOS |2 CL-VaPUC |9 266583 | |
| 583 | |a last modification |c 19981016 00:00:00 |k Rodrigo Vera | ||
| 490 | 0 | |a Biblioteca de Escritores Chilenos | |
| 999 | |c 276609 |d 276607 | ||
| 952 | |0 0 |1 0 |4 0 |6 CH_862_000000000000000_BAR_1947 |7 0 |8 A |9 313917 |a BIBEDU |b BIBEDU |d 2019-11-20 |i 1485172 |o Ch862 BAR 1947 |p 1485172 |r 2019-11-20 |w 2019-11-20 |y BK |k LIT | ||
| 952 | |0 0 |1 0 |4 0 |6 CH_862_000000000000000_BAR_1947 |7 0 |8 X |9 313918 |a BIBHIS |b BIBHIS |d 2019-11-20 |i 1362232 |o Ch862 BAR 1947 |p 1362232 |r 2024-01-30 |w 2019-11-20 |y BK_X |k HIS | ||